000 00751nam a2200265Ia 4500
003 OSt
005 20220926024450.0
006 a|||||r|||| 00| 0
007 ta
008 220923b |||||||| |||| 00| 0 eng d
020 _a1 85973 946 6
037 _cGeneral Book
040 _aRTL
_cRTL
_beng
041 _2eng
_aeng
082 _aY:(G:55), N7
100 _aStrang Veronica
_9330789
245 0 _aUncommon ground
_b Cultural Landscapes and environme
260 _aOxford
_bBerg
_c1997
300 _axiv,309p.
_ccm.
490 _aExplorations in Antropology
500 _aBibiliography P 292-97
650 _aSociomery
_9230825
942 _hY:(G:55), N7
_cGB
_2CC
999 _c644333
_d644333